[Event "Camp. olandese open"]
[Site "Dieren OLA"]
[Date "2007.07.31"]
[Round "7"]
[White "Van den Doel, E."]
[Black "Gofshtein, Z."]
[Result "1-0"]
[WhiteElo "2587"]
[BlackElo "2541"]
[PlyCount "51"]
[EventDate "2007.07.24"]
[Source "www.chesslib.no"]
[SourceDate "2004.05.04"]

1. e4 e5 2. Nf3 Nc6 3. Bb5 a6 4. Ba4 Nge7 5. O-O g6 6. c3 b5 7. Bc2 Bg7 8. d4 exd4 9. cxd4 d6 10. h3 O-O 11. Be3 Na5 12. Nbd2 c5 13. dxc5 Bxb2 14. cxd6 Nec6 15. e5 Bxa1 16. Qxa1 f6 17. Ne4 Bf5 18. Nxf6+ Rxf6 19. exf6 Qxd6 20. Bxf5 gxf5 21. Rd1 Qc7 22. Rd5 Nd8 23. Rxf5 Nf7 24. Qb1 Rc8 25. Rc5 Qd8 26. Ng5 1-0

[Event "CRO-chT2"]
[Site "Pula"]
[Date "1998.??.??"]
[Round "8"]
[White "Delchev, Aleksander"]
[Black "Varga, Zoltan"]
[Result "1-0"]
[WhiteElo "2545"]
[BlackElo "2520"]
[PlyCount "87"]
[EventDate "1998.??.??"]
[Source "www.chesslib.no"]
[SourceDate "2004.05.04"]

1. e4 e5 2. Nf3 Nc6 3. Bb5 a6 4. Ba4 Nge7 5. c3 g6 6. d4 exd4 7. cxd4 Bg7 8. d5 Na5 9. Nbd2 c5 10. O-O O-O 11. Rb1 b5 12. Bc2 c4 13. b4 Nb7 14. Re1 a5 15. a3 axb4 16. Rxb4 Ra5 17. Nb1 d6 18. Nd4 Qb6 19. Be3 Qa6 20. a4 Bd7 21. Na3 bxa4 22. Nxc4 Nc5 23. Nxa5 Qxa5 24. Bd2 Qc7 25. Bc1 Na6 26. Rb1 Nc5 27. Ba3 Ra8 28. Nb5 Qb6 29. Bd3 Nc8 30. Nd4 Qd8 31. Bb5 Nb6 32. Bxd7 Nbxd7 33. Nc6 Qc7 34. Qc2 Bf8 35. Rb5 Re8 36. Bb2 Qc8 37. Qc3 f6 38. f3 Qa6 39. Qa5 Qxa5 40. Rxa5 f5 41. Bd4 fxe4 42. fxe4 Bg7 43. Bxc5 Nxc5 44. Rxc5 1-0

[Event "Poyntner mem GM"]
[Site "St Poelten"]
[Date "2002.09.11"]
[Round "7"]
[White "Haba, Petr"]
[Black "Varga, Zoltan"]
[Result "1/2-1/2"]
[WhiteElo "2531"]
[BlackElo "2528"]
[PlyCount "22"]
[EventDate "2002.09.05"]
[Source "ChessBase"]
[SourceDate "2002.11.06"]

1. e4 e5 2. Nf3 Nc6 3. Bb5 a6 4. Ba4 Nge7 5. O-O g6 6. c3 Bg7 7. d4 exd4 8. cxd4 O-O 9. d5 Na5 10. Nc3 d6 11. Rb1 b5 1/2-1/2

[Event "Master Tournament"]
[Site "Dortmund"]
[Date "1999.07.13"]
[Round "5"]
[White "Schmittdiel, Eckhard"]
[Black "Varga, Zoltan"]
[Result "1/2-1/2"]
[WhiteElo "2505"]
[BlackElo "2541"]
[PlyCount "28"]
[EventDate "1999.07.09"]
[Source "ChessBase"]
[SourceDate "1999.10.01"]

1. e4 e5 2. Nf3 Nc6 3. Bb5 a6 4. Ba4 Nge7 5. Nc3 d6 6. d4 b5 7. Bb3 Nxd4 8. Nxd4 exd4 9. Qf3 Be6 10. Bxe6 fxe6 11. Ne2 e5 12. O-O Qd7 13. a4 b4 14. Qb3 a5 1/2-1/2

[Event "RUS-Cup"]
[Site "Krasnodar"]
[Date "1998.??.??"]
[Round "4"]
[White "Korneev, Oleg"]
[Black "Lobzhanidze, Davit"]
[Result "1/2-1/2"]
[WhiteElo "2560"]
[BlackElo "2485"]
[PlyCount "106"]
[EventDate "1998.??.??"]
[Source "www.chesslib.no"]
[SourceDate "2004.05.04"]

1. e4 e5 2. Nf3 Nc6 3. Bb5 a6 4. Ba4 Nge7 5. c3 d6 6. d4 Bd7 7. Be3 Ng6 8. h4 Be7 9. h5 Nh4 10. Nxh4 Bxh4 11. d5 Nb8 12. Bxd7+ Nxd7 13. Qg4 Bf6 14. Nd2 h6 15. Nf3 Nc5 16. O-O-O Qd7 17. Qxd7+ Kxd7 18. Nd2 Bg5 19. Rh3 Nd3+ 20. Kc2 Bxe3 21. Kxd3 Bxd2 22. Kxd2 a5 23. Rg3 Rhg8 24. Rh1 Ke7 25. c4 b6 26. b3 Raf8 27. Rf3 Rh8 28. a3 g5 29. hxg6 fxg6 30. Rxf8 Kxf8 31. b4 axb4 32. axb4 Kg7 33. Ra1 Rf8 34. Ke3 h5 35. Ra7 Rf7 36. c5 bxc5 37. bxc5 dxc5 38. Ra5 g5 39. Rxc5 h4 40. f3 Re7 41. Rc6 Kf8 42. Kf2 Rg7 43. Rh6 Rf7 44. Rh5 Rg7 45. g3 hxg3+ 46. Kxg3 Ke7 47. Kg4 Kd7 48. Rxg5 Re7 49. Rg6 Rf7 50. Re6 Rg7+ 51. Kh4 Rf7 52. Kg3 Rg7+ 53. Kh3 Rf7 1/2-1/2

[Event "Ostrava"]
[Site "Ostrava"]
[Date "1993.??.??"]
[Round "?"]
[White "Kovalev, Andrei"]
[Black "Keitlinghaus, Ludger"]
[Result "0-1"]
[WhiteElo "2545"]
[BlackElo "2485"]
[PlyCount "72"]
[EventDate "1993.09.??"]
[Source "ChessBase"]

1. e4 e5 2. Nf3 Nc6 3. Bb5 a6 4. Ba4 Nge7 5. d4 exd4 6. O-O g6 7. Nxd4 Bg7 8. Be3 O-O 9. Nc3 Na5 10. Nde2 b5 11. Bb3 Nxb3 12. axb3 Bb7 13. Bd4 f6 14. f4 b4 15. Nd5 d6 16. c4 c5 17. Be3 Nxd5 18. exd5 f5 19. Qd2 Qf6 20. Rab1 Rfe8 21. Nc1 a5 22. Nd3 a4 23. bxa4 b3 24. Rfe1 Re4 25. Bxc5 dxc5 26. Ne5 Qd6 27. Rxe4 fxe4 28. Qe3 Bxe5 29. fxe5 Qxe5 30. Qxc5 e3 31. Re1 e2 32. h3 Re8 33. Qb5 Qe3+ 34. Kh2 Qf4+ 35. Kg1 Rf8 36. Qa5 Qxc4 0-1

[Event "Lazne Bohdanec"]
[Site "?"]
[Date "1994.??.??"]
[Round "?"]
[White "Haba, P."]
[Black "Keitlinghaus, L."]
[Result "1-0"]
[WhiteElo "2475"]
[BlackElo "2510"]
[PlyCount "63"]
[EventDate "1994.??.??"]
[Source "ChessBase"]
[SourceDate "1994.02.01"]

1. e4 e5 2. Nf3 Nc6 3. Bb5 a6 4. Ba4 Nge7 5. c3 d6 6. d4 Bd7 7. d5 Nb8 8. c4 Ng6 9. Nc3 Be7 10. Be3 O-O 11. O-O a5 12. a3 Bg4 13. h3 Bxf3 14. Qxf3 f5 15. exf5 Nh4 16. Qg4 Nxf5 17. Bc2 g6 18. Bxf5 Rxf5 19. Ne4 Nd7 20. Qe2 Rf8 21. b4 b6 22. Bd2 axb4 23. axb4 Re8 24. Qg4 Rxa1 25. Rxa1 Kg7 26. Qd1 h6 27. Qa4 Nf6 28. Nc3 Rf8 29. Qc6 Qc8 30. Be3 Rf7 31. Nb5 Bf8 32. Ra8 1-0

[Event "Finjub30 IM corr"]
[Site "Finjub30 IM corr"]
[Date "1992.??.??"]
[Round "?"]
[White "Glaser, Helmut F"]
[Black "Kivimaki, Jaakko"]
[Result "1/2-1/2"]
[WhiteElo "2470"]
[BlackElo "2495"]
[PlyCount "119"]
[EventDate "1992.??.??"]
[Source "www.chesslib.no"]
[SourceDate "2004.05.04"]

1. e4 e5 2. Nf3 Nc6 3. Bb5 a6 4. Ba4 Nge7 5. Nc3 d6 6. d4 b5 7. Bb3 Nxd4 8. Nxd4 exd4 9. Qh5 Ng6 10. Qd5 Be6 11. Qc6+ Bd7 12. Qd5 Ne5 13. f4 Be6 14. Qxd4 c5 15. Qf2 c4 16. fxe5 dxe5 17. O-O Qc7 18. Be3 Bb4 19. Nd5 Bxd5 20. exd5 cxb3 21. axb3 O-O 22. c4 f5 23. cxb5 f4 24. Rfc1 Qd7 25. Bc5 Bxc5 26. Rxc5 axb5 27. Re1 Rfe8 28. Qe2 e4 29. Qxb5 Qg4 30. d6 f3 31. Rg5 f2+ 32. Kxf2 Qf4+ 33. Kg1 Rf8 34. Kh1 Kh8 35. Re5 Rab8 36. Qc5 Rbc8 37. Qd4 Rc1 38. Rxc1 Qxc1+ 39. Qg1 Qc6 40. h3 Qxd6 41. Rxe4 h6 42. b4 Qd2 43. b3 Qd3 44. Qd4 Qxb3 45. Kh2 Qf7 46. b5 Qb7 47. Qc5 Qb8+ 48. Qe5 Qxe5+ 49. Rxe5 Rf4 50. b6 Rb4 51. Re6 Rb3 52. g4 Kg8 53. h4 Kf7 54. Rc6 g6 55. Kg2 h5 56. gxh5 gxh5 57. Rh6 Rb4 58. Kg3 Rg4+ 59. Kf3 Kg7 60. b7 1/2-1/2

[Event "Bucharest ROM"]
[Site "?"]
[Date "2006.05.13"]
[Round "9"]
[White "Timoshenko Georgy"]
[Black "Pilgaard Kim"]
[Result "1-0"]
[WhiteElo "2547"]
[BlackElo "2417"]
[PlyCount "123"]
[EventDate "2006.??.??"]
[Source "www.chesslib.no"]
[SourceDate "2004.05.04"]

1. e4 e5 2. Nf3 Nc6 3. Bb5 a6 4. Ba4 Nge7 5. O-O g6 6. c3 Bg7 7. d4 exd4 8. cxd4 O-O 9. d5 Na5 10. Nbd2 b5 11. Bc2 c5 12. Rb1 c4 13. b4 Nb7 14. Re1 f5 15. exf5 Nxf5 16. Ne4 Nbd6 17. Nxd6 Nxd6 18. Bg5 Bf6 19. Bh6 Re8 20. Qd2 Rxe1+ 21. Rxe1 Nf7 22. Bf4 Bb7 23. a3 a5 24. h4 axb4 25. Qxb4 Bxd5 26. h5 g5 27. Bg3 Be6 28. Qxb5 g4 29. Nh2 Qa5 30. Qb1 Qxh5 31. a4 Ng5 32. Qb7 Rf8 33. Rd1 Nf7 34. Nf1 Qg5 35. Qe4 Qg7 36. Ne3 Ng5 37. Qb7 Be5 38. Qb5 Bxg3 39. fxg3 h6 40. Nxc4 Qc3 41. Bd3 Qd4+ 42. Kh1 Qf2 43. Qe5 Rf3 44. Rd2 Qa7 45. gxf3 Nxf3 46. Qe3 Qxe3 47. Nxe3 Nxd2 48. a5 d6 49. a6 Bd7 50. Kg1 h5 51. Bg6 Bc8 52. a7 Bb7 53. Bxh5 Nf3+ 54. Kf2 Nd4 55. Be8 Kf8 56. Ba4 Nc6 57. Bxc6 Bxc6 58. Nxg4 Ke7 59. Ne3 Kd7 60. g4 Kc7 61. Nc4 Kb7 62. Na5+ 1-0

[Event "Perenyi mem 2nd"]
[Site "Gyula"]
[Date "1998.??.??"]
[Round "2"]
[White "Fogarasi, Tibor"]
[Black "Varga, Zoltan"]
[Result "1/2-1/2"]
[WhiteElo "2440"]
[BlackElo "2520"]
[PlyCount "48"]
[EventDate "1998.02.23"]
[Source "ChessBase"]
[SourceDate "1998.04.29"]

1. e4 e5 2. Nf3 Nc6 3. Bb5 a6 4. Ba4 Nge7 5. O-O g6 6. c3 Bg7 7. d4 exd4 8. cxd4 O-O 9. d5 Na5 10. Nc3 d6 11. Bc2 Bg4 12. h3 Bxf3 13. Qxf3 Nc4 14. Qe2 Ne5 15. Bd2 f5 16. f4 Nd7 17. Rae1 fxe4 18. Nxe4 Re8 19. Qd3 Nf5 20. Bc3 Nc5 21. Nxc5 dxc5 22. Bxg7 Nxg7 23. Rxe8+ Qxe8 24. d6 cxd6 1/2-1/2

[Event "Budapest FS02 GM"]
[Site "Budapest"]
[Date "1998.02.10"]
[Round "4"]
[White "Mikhaletz, Lubomir"]
[Black "Varga, Zoltan"]
[Result "1-0"]
[WhiteElo "2435"]
[BlackElo "2520"]
[PlyCount "43"]
[EventDate "1998.02.??"]
[Source "ChessBase"]
[SourceDate "1998.04.29"]

1. e4 e5 2. Nf3 Nc6 3. Bb5 a6 4. Ba4 Nge7 5. d4 exd4 6. Nxd4 g6 7. Nxc6 Nxc6 8. Bxc6 dxc6 9. Qxd8+ Kxd8 10. Nc3 Bg7 11. Bg5+ f6 12. O-O-O+ Bd7 13. e5 fxg5 14. e6 Bxc3 15. Rxd7+ Kc8 16. bxc3 b5 17. h4 g4 18. h5 g5 19. h6 Kb7 20. Rg7 Raf8 21. e7 Rf6 22. Rxh7 1-0

[Event "Budapest HUN"]
[Site "?"]
[Date "2005.06.09"]
[Round "6"]
[White "Hoffmann Michael"]
[Black "Czebe Attila"]
[Result "1/2-1/2"]
[WhiteElo "2476"]
[BlackElo "2473"]
[PlyCount "37"]
[EventDate "2005.??.??"]
[Source "www.chesslib.no"]
[SourceDate "2004.05.04"]

1. e4 e5 2. Nf3 Nc6 3. Bb5 a6 4. Ba4 Nge7 5. O-O g6 6. d4 exd4 7. Nxd4 Bg7 8. Be3 O-O 9. Bxc6 bxc6 10. Nc3 c5 11. Nde2 d6 12. Qd2 Bb7 13. Bh6 Qd7 14. Bxg7 Kxg7 15. Nd5 Bxd5 16. exd5 Qf5 17. c4 Rfe8 18. b3 Qf6 19. Ng3 1/2-1/2

[Event "It (cat.9)"]
[Site "Balatonlelle (Hungary)"]
[Date "2007.06.22"]
[Round "7"]
[White "Lindberg Bengt (SWE)"]
[Black "Varga Zoltan (HUN)"]
[Result "1/2-1/2"]
[WhiteElo "2443"]
[BlackElo "2499"]
[PlyCount "38"]
[EventDate "2007.??.??"]
[Source "www.chesslib.no"]
[SourceDate "2004.05.04"]

1. e4 e5 2. Nf3 Nc6 3. Bb5 a6 4. Ba4 Nge7 5. c3 g6 6. d4 exd4 7. cxd4 Bg7 8. d5 Na5 9. Nc3 O-O 10. O-O d6 11. h3 h6 12. Re1 b5 13. Bc2 c5 14. dxc6 Nexc6 15. Nd5 Nc4 16. Rb1 N4e5 17. Be3 Nc4 18. Bc1 N4e5 19. Be3 Nc4 1/2-1/2

[Event "Russia Cup GP"]
[Site "?"]
[Date "1997.??.??"]
[Round "?"]
[White "Dolmatov, S."]
[Black "Lobzhanidze, D."]
[Result "1-0"]
[WhiteElo "2560"]
[BlackElo "2375"]
[PlyCount "81"]
[EventDate "1997.??.??"]
[Source "www.chesslib.no"]
[SourceDate "2004.05.04"]

1. e4 e5 2. Nf3 Nc6 3. Bb5 a6 4. Ba4 Nge7 5. c3 d6 6. d4 Bd7 7. Be3 Ng6 8. h4 Be7 9. g3 Bf6 10. d5 Nb8 11. Bxd7+ Qxd7 12. c4 c5 13. Nc3 Bd8 14. Qd3 h6 15. Nd2 Ba5 16. h5 Ne7 17. f4 f6 18. O-O-O Qc7 19. fxe5 fxe5 20. g4 Nd7 21. g5 O-O-O 22. Rdf1 Rdf8 23. Rxf8+ Nxf8 24. gxh6 gxh6 25. Ncb1 Ng8 26. Qf1 Qe7 27. Nf3 Nd7 28. Nh4 Qf6 29. Qh3 Ne7 30. Rf1 Qg7 31. Rg1 Qf7 32. Ng6 Re8 33. Rf1 Qg8 34. Rf8 Qxg6 35. hxg6 Rxf8 36. g7 Rf6 37. Qh5 Rf1+ 38. Kc2 Kd8 39. Qxh6 Nf6 40. Qh8+ Kd7 41. Qh3+ 1-0

[Event "RUS-Cup03 (Geller mem)"]
[Site "Moscow"]
[Date "1999.02.13"]
[Round "4"]
[White "Nikolenko, Oleg"]
[Black "Frog, Ilya"]
[Result "1-0"]
[WhiteElo "2510"]
[BlackElo "2415"]
[PlyCount "120"]
[EventDate "1999.02.10"]
[Source "ChessBase"]
[SourceDate "1999.06.08"]

1. e4 e5 2. Nf3 Nc6 3. Bb5 a6 4. Ba4 Nge7 5. O-O d6 6. d4 b5 7. Bb3 Nxd4 8. Nxd4 exd4 9. c3 dxc3 10. Nxc3 Be6 11. f4 Bxb3 12. axb3 Nc6 13. Nd5 Ne7 14. Be3 c5 15. f5 Nxd5 16. Qxd5 Ra7 17. Rfd1 Qa8 18. b4 Qxd5 19. Rxd5 Be7 20. bxc5 dxc5 21. Bxc5 Bxc5+ 22. Rxc5 Ke7 23. Rxb5 axb5 24. Rxa7+ Kf6 25. e5+ Kxf5 26. Rxf7+ Kxe5 27. Rxg7 Kd4 28. Rg4+ Ke3 29. Rb4 Rc8 30. Rb3+ Ke2 31. g3 Rc5 32. Kg2 h5 33. Kh3 Kd2 34. Rb4 Kc2 35. Kg2 Kd3 36. h4 Kc2 37. Kf3 Kc1 38. Ke3 Kc2 39. Ke4 Kc1 40. Kd3 Rd5+ 41. Kc3 Rc5+ 42. Kb3 Re5 43. g4 hxg4 44. Rxg4 Re3+ 45. Ka2 Rh3 46. Rb4 Kc2 47. Rxb5 Rxh4 48. Rc5+ Kd3 49. Ka3 Kd4 50. b4 Rh8 51. Ka4 Ra8+ 52. Ra5 Rb8 53. Ra6 Kc4 54. Rc6+ Kd5 55. b5 Ra8+ 56. Kb4 Ra1 57. Rc7 Kd6 58. b6 Ra8 59. Kb5 Ra1 60. Rc8 Kd7 1-0

[Event "Arctic Chess Challenge"]
[Site "Tromso NOR"]
[Date "2007.08.05"]
[Round "2"]
[White "Gashimov, V."]
[Black "Royset, P."]
[Result "1-0"]
[WhiteElo "2655"]
[BlackElo "2261"]
[PlyCount "75"]
[EventDate "2007.08.04"]
[Source "www.chesslib.no"]
[SourceDate "2004.05.04"]

1. e4 e5 2. Nf3 Nc6 3. Bb5 a6 4. Ba4 Nge7 5. Nc3 d6 6. O-O Ng6 7. d4 Bd7 8. dxe5 dxe5 9. Nd5 b5 10. Bb3 Na5 11. Be3 Nxb3 12. axb3 Bc6 13. Qd3 Bd6 14. c4 O-O 15. c5 Be7 16. Rfd1 Bf6 17. Qc2 Qc8 18. h3 Qb7 19. Nh2 Be7 20. b4 Bd8 21. Nf3 Kh8 22. Qc3 f6 23. Rd2 Qc8 24. Rad1 Qe6 25. Qc2 Kg8 26. g4 h5 27. Nh2 Nh4 28. f3 hxg4 29. hxg4 Kf7 30. Rd3 Rh8 31. Bf2 Ng6 32. Bg3 Rb8 33. Nf1 Ne7 34. Nfe3 g6 35. R3d2 Kg7 36. Rh2 Rxh2 37. Qxh2 Ng8 38. g5 1-0

[Event "Budapest FS10 GM"]
[Site "Budapest"]
[Date "1998.10.06"]
[Round "4"]
[White "Horvath, Adam"]
[Black "Czebe, Attila"]
[Result "1-0"]
[WhiteElo "2455"]
[BlackElo "2455"]
[PlyCount "59"]
[EventDate "1998.10.03"]
[Source "www.chesslib.no"]
[SourceDate "2004.05.04"]

1. e4 e5 2. Nf3 Nc6 3. Bb5 a6 4. Ba4 Nge7 5. O-O g6 6. c3 Bg7 7. d4 exd4 8. cxd4 b5 9. Bb3 Na5 10. Bc2 d6 11. h3 O-O 12. Nc3 Bb7 13. Bg5 h6 14. Bf4 Rc8 15. b3 c5 16. Rc1 f5 17. exf5 Nxf5 18. Ne4 cxd4 19. Ng3 Ne7 20. Nxd4 Qd7 21. Qd2 h5 22. Bh6 Nac6 23. Nxc6 Bxc6 24. Bxg7 Kxg7 25. Qg5 Kf7 26. Rfe1 Rg8 27. Rcd1 Bxg2 28. Qf4+ Ke8 29. Rxd6 Qb7 30. Bxg6+ 1-0

[Event "SWE-ch"]
[Site "Uppsala"]
[Date "1985.??.??"]
[Round "?"]
[White "Ernst, Thomas"]
[Black "Wiedenkeller, Michael"]
[Result "1-0"]
[WhiteElo "2450"]
[BlackElo "2450"]
[PlyCount "139"]
[EventDate "1985.07.??"]
[Source "ChessBase"]

1. e4 e5 2. Nf3 Nc6 3. Bb5 a6 4. Ba4 Nge7 5. O-O g6 6. c3 Bg7 7. d4 b5 8. Bb3 d6 9. a4 Bd7 10. dxe5 Nxe5 11. Nxe5 dxe5 12. axb5 Bxb5 13. Qf3 O-O 14. Rd1 Qb8 15. Bg5 Qe8 16. Na3 Bc6 17. Nc4 Kh8 18. Na5 Bb5 19. c4 Bd7 20. Qd3 Bg4 21. Ba4 c6 22. f3 f6 23. Be3 Be6 24. Bc5 Qf7 25. Kh1 Rfc8 26. b3 Bf8 27. Bxe7 Bxe7 28. Bxc6 Rab8 29. Bb7 Rd8 30. Qc2 Rxd1+ 31. Qxd1 Bc5 32. Bd5 Rb6 33. Nc6 Qd7 34. b4 Bxb4 35. Nxb4 Rxb4 36. Rxa6 Bxd5 37. cxd5 Qb7 38. Ra1 f5 39. Qe1 fxe4 40. fxe4 Kg7 41. h3 Rd4 42. Qe2 h5 43. Kh2 Qe7 44. Rf1 Qb4 45. Qf3 Qe7 46. Rd1 h4 47. Rxd4 exd4 48. Qf4 d3 49. e5 d2 50. d6 Qe6 51. Qd4 d1=Q 52. Qxd1 Qxe5+ 53. Kh1 Qg5 54. d7 Qd8 55. Qd6 Kf7 56. Kg1 Kg7 57. Kf2 Kf7 58. Kf1 Kg7 59. Ke2 Kf7 60. Kd3 Kg7 61. Kc4 Kf7 62. Kb5 Kg7 63. Ka6 Qa8+ 64. Kb6 Qd8+ 65. Kb7 Kf7 66. Qc7 Ke7 67. Qxd8+ Kxd8 68. Kc6 g5 69. Kd6 g4 70. Ke6 1-0

[Event "BIH-chT"]
[Site "Neum"]
[Date "2002.06.05"]
[Round "5.2"]
[White "Savanovic, Aleksandar"]
[Black "Varga, Zoltan"]
[Result "1/2-1/2"]
[WhiteElo "2404"]
[BlackElo "2495"]
[PlyCount "20"]
[EventDate "2002.06.02"]
[Source "ChessBase"]
[SourceDate "2002.09.20"]

1. e4 e5 2. Nf3 Nc6 3. Bb5 a6 4. Ba4 Nge7 5. c3 g6 6. O-O Bg7 7. d4 exd4 8. cxd4 O-O 9. d5 Ne5 10. Nbd2 d6 1/2-1/2

[Event "Ubeda op"]
[Site "Ubeda"]
[Date "1998.01.23"]
[Round "4"]
[White "Borge, Nikolaj"]
[Black "Lobzhanidze, Davit"]
[Result "0-1"]
[WhiteElo "2390"]
[BlackElo "2485"]
[PlyCount "66"]
[EventDate "1998.01.20"]
[Source "ChessBase"]
[SourceDate "1998.03.09"]

1. e4 e5 2. Nf3 Nc6 3. Bb5 a6 4. Ba4 Nge7 5. c3 d6 6. d4 Bd7 7. Be3 Ng6 8. h4 Be7 9. g3 b5 10. Bb3 exd4 11. cxd4 Na5 12. Bc2 Nc4 13. Bc1 Bg4 14. b3 Bf6 15. bxc4 Bxf3 16. Qxf3 Bxd4 17. e5 Bxa1 18. Bg5 Nxe5 19. Qe4 Qc8 20. f4 h6 21. fxe5 hxg5 22. O-O Bxe5 23. Qf3 O-O 24. Kg2 g6 25. hxg5 Qe6 26. Nd2 bxc4 27. Ne4 Rab8 28. Rf2 Kg7 29. Nf6 Rh8 30. Ng4 Rh5 31. Be4 Rb2 32. Bd5 Rxf2+ 33. Nxf2 Qf5 0-1

[Event "Kringsja"]
[Site "Oslo"]
[Date "1978.??.??"]
[Round "8"]
[White "Ornstein, Axel"]
[Black "Rantanen, Yrjo A"]
[Result "1-0"]
[WhiteElo "2425"]
[BlackElo "2420"]
[PlyCount "35"]
[EventDate "1978.01.??"]
[Source "ChessBase"]

1. e4 e5 2. Nf3 Nc6 3. Bb5 a6 4. Ba4 Nge7 5. c3 b5 6. Bb3 d5 7. d3 f6 8. Nbd2 Be6 9. O-O Ng6 10. a4 b4 11. a5 Be7 12. Ba4 Qd6 13. exd5 Qxd5 14. c4 Qd6 15. d4 exd4 16. Ne4 Qd7 17. Nxd4 Nge5 18. Bf4 1-0

[Event "Szekszard op"]
[Site "Szekszard"]
[Date "1997.??.??"]
[Round "4"]
[White "Feher, Gyula"]
[Black "Varga, Zoltan"]
[Result "1/2-1/2"]
[WhiteElo "2380"]
[BlackElo "2455"]
[PlyCount "37"]
[EventDate "1997.??.??"]
[Source "www.chesslib.no"]
[SourceDate "2004.05.04"]

1. e4 e5 2. Nf3 Nc6 3. Bb5 a6 4. Ba4 Nge7 5. O-O g6 6. c3 Bg7 7. d4 exd4 8. cxd4 O-O 9. d5 Na5 10. Nc3 d6 11. h3 h6 12. Re1 b5 13. Bc2 c5 14. dxc6 Nexc6 15. Nd5 Nc4 16. Rb1 N4e5 17. Be3 Nc4 18. Bc1 N4e5 19. Be3 1/2-1/2

[Event "Syre mem op"]
[Site "Issy Les Moulineaux"]
[Date "2000.06.03"]
[Round "4"]
[White "Hamdouchi, Hichem"]
[Black "Guigonis, Dominique"]
[Result "1/2-1/2"]
[WhiteElo "2513"]
[BlackElo "2315"]
[PlyCount "76"]
[EventDate "2000.06.01"]
[Source "ChessBase"]
[SourceDate "2000.07.11"]

1. e4 e5 2. Nf3 Nc6 3. Bb5 a6 4. Ba4 Nge7 5. Nc3 d6 6. Bb3 Ng6 7. d4 Be7 8. Nd5 Bg4 9. Ne3 Bxf3 10. Qxf3 O-O 11. d5 Nd4 12. Qg4 Bg5 13. h4 Bxe3 14. Bxe3 Nxb3 15. axb3 f5 16. exf5 Qd7 17. Qb4 Qxf5 18. Qxb7 Qg4 19. Kd2 Nxh4 20. Ra4 e4 21. Rc4 c5 22. Qe7 Nxg2 23. Rxe4 Qf5 24. Kc1 Rae8 25. Qxe8 Rxe8 26. Rxe8+ Kf7 27. Ra8 Nxe3 28. fxe3 Qf3 29. Re1 h5 30. e4 h4 31. e5 dxe5 32. Ra7+ Kf6 33. d6 h3 34. d7 Qf4+ 35. Kb1 Qd2 36. Rh1 g5 37. Rxh3 Qe1+ 38. Ka2 Qa5+ 1/2-1/2

[Event "Gyula op"]
[Site "?"]
[Date "1996.??.??"]
[Round "?"]
[White "Anka Emil"]
[Black "Mozes Ervin"]
[Result "1-0"]
[WhiteElo "2405"]
[BlackElo "2415"]
[PlyCount "65"]
[EventDate "1996.??.??"]
[Source "www.chesslib.no"]
[SourceDate "2004.05.04"]

1. e4 e5 2. Nf3 Nc6 3. Bb5 a6 4. Ba4 Nge7 5. O-O g6 6. c3 Bg7 7. d4 exd4 8. cxd4 O-O 9. d5 Na5 10. Nc3 d6 11. h3 b5 12. Bc2 Bb7 13. Rb1 c5 14. dxc6 Bxc6 15. Be3 d5 16. Bc5 Re8 17. Bxe7 Rxe7 18. Nxd5 Rd7 19. Qe2 Nc4 20. Nb4 Bb7 21. Rfd1 Rxd1+ 22. Rxd1 Qa5 23. b3 Qxb4 24. bxc4 Qxc4 25. Qxc4 bxc4 26. Rd7 Rb8 27. Rc7 c3 28. Ng5 Be5 29. Rxf7 h6 30. Re7 Bf6 31. Bb3+ Kf8 32. Rf7+ Ke8 33. Ba4+ 1-0

[Event "FRA, Nationale II 2004/2005"]
[Site "?"]
[Date "2004.12.05"]
[Round "4.1"]
[White "Georgiev Krum"]
[Black "Olivier Jean-Christophe"]
[Result "1-0"]
[WhiteElo "2456"]
[BlackElo "2364"]
[PlyCount "127"]
[EventDate "2004.??.??"]
[Source "www.chesslib.no"]
[SourceDate "2004.05.04"]

1. e4 e5 2. Nf3 Nc6 3. Bb5 a6 4. Ba4 Nge7 5. Nc3 d6 6. O-O Bd7 7. Re1 Ng6 8. Nd5 b5 9. Bb3 Na5 10. d4 c6 11. dxe5 Nxb3 12. axb3 cxd5 13. exd5 dxe5 14. Nxe5 Nxe5 15. Rxe5+ Be7 16. Bd2 f6 17. Re3 Kf7 18. d6 Bf8 19. Ba5 Qc8 20. Qd5+ Be6 21. Rxe6 Qxe6 22. Qxa8 Qxd6 23. Re1 Qxh2+ 24. Kf1 Qh1+ 25. Ke2 Qh5+ 26. f3 Qc5 27. Kd1 Qd6+ 28. Kc1 g6 29. Qe8+ Kg7 30. Rd1 Be7 31. Rxd6 Rxe8 32. Rxa6 Bc5 33. Bc3 Rf8 34. b4 Be3+ 35. Kb1 h5 36. Re6 Bf2 37. b3 g5 38. Bb2 Kg6 39. c4 Bg3 40. Kc2 g4 41. fxg4 hxg4 42. Rb6 Kg5 43. Rxb5+ f5 44. Rd5 Kh4 45. Rd8 Rf7 46. Rh8+ Kg5 47. c5 f4 48. Bd4 f3 49. gxf3 gxf3 50. Rg8+ Kf4 51. Rxg3 Kxg3 52. c6 f2 53. Bxf2+ Rxf2+ 54. Kd3 Rf1 55. b5 Rc1 56. Kd2 Rc5 57. b4 Rc4 58. Kd3 Rc1 59. Ke4 Kg4 60. Kd5 Rd1+ 61. Ke6 Rc1 62. Kd7 Rd1+ 63. Kc7 Kf5 64. b6 1-0

[Event "RUS-Cup01 Chigorin mem"]
[Site "St Petersburg"]
[Date "1997.11.02"]
[Round "2"]
[White "Nikanorov, Andrej"]
[Black "Lobzhanidze, Davit"]
[Result "0-1"]
[WhiteElo "2300"]
[BlackElo "2515"]
[PlyCount "86"]
[EventDate "1997.11.01"]
[Source "www.chesslib.no"]
[SourceDate "2004.05.04"]

1. e4 e5 2. Nf3 Nc6 3. Bb5 a6 4. Ba4 Nge7 5. c3 d6 6. d4 Bd7 7. Bg5 h6 8. Be3 Ng6 9. h4 Be7 10. h5 Nh4 11. Nxh4 Bxh4 12. d5 Nb8 13. Qg4 Bg5 14. Bxg5 Qxg5 15. Qxg5 hxg5 16. Bd1 c6 17. Nd2 Ke7 18. Be2 cxd5 19. exd5 a5 20. Nc4 a4 21. Kd2 f5 22. g4 f4 23. f3 Ra7 24. Kc2 Bb5 25. Nxe5 Bxe2 26. Ng6+ Kf6 27. Nxh8 Bxf3 28. Rhg1 Nd7 29. c4 Ne5 30. Rae1 b5 31. Ng6 bxc4 32. Nxe5 dxe5 33. d6 Rd7 34. Kc3 Rxd6 35. Kxc4 e4 36. b4 axb3 37. axb3 Ke5 38. Ra1 Be2+ 39. Kc3 f3 40. Rge1 Kf4 41. Ra5 Ke3 42. Raa1 f2 43. Reb1 Ra6 0-1

[Event "Namestovo"]
[Site "Namestovo"]
[Date "1987.??.??"]
[Round "13"]
[White "Blatny, Pavel"]
[Black "Rantanen, Yrjo A"]
[Result "1/2-1/2"]
[WhiteElo "2405"]
[BlackElo "2410"]
[PlyCount "110"]
[EventDate "1987.09.??"]
[Source "www.chesslib.no"]
[SourceDate "2004.05.04"]

1. e4 e5 2. Nf3 Nc6 3. Bb5 a6 4. Ba4 Nge7 5. c3 d6 6. d4 Bd7 7. Be3 Ng6 8. h4 Be7 9. h5 Nh4 10. Nxh4 Bxh4 11. d5 Nb8 12. Bxd7+ Nxd7 13. Qg4 Bf6 14. Nd2 Qe7 15. g3 Rc8 16. O-O-O c6 17. dxc6 Rxc6 18. Nb3 O-O 19. Kb1 b6 20. Qe2 Ra8 21. Nd2 Qe6 22. Qd3 Be7 23. f3 Nf6 24. Bg5 d5 25. Bxf6 dxe4 26. Nxe4 Bxf6 27. g4 h6 28. Qd5 Be7 29. Qxe6 Rxe6 30. Rd7 Rd8 31. Rxd8+ Bxd8 32. c4 Be7 33. Rd1 g6 34. hxg6 fxg6 35. Kc2 Kf8 36. Kc3 Ke8 37. b4 h5 38. c5 a5 39. a3 axb4+ 40. axb4 bxc5 41. b5 Rb6 42. Kc4 Rb8 43. gxh5 gxh5 44. Rd5 Rd8 45. Rxe5 Rd4+ 46. Kc3 Rb4 47. Kd3 h4 48. Nc3 Kd7 49. Rh5 Ke6 50. Ke2 Rb2+ 51. Kd3 Rb3 52. Kc2 c4 53. f4 h3 54. Rxh3 Bf6 55. Re3+ Kf5 1/2-1/2

[Event "DDR-ch 38th"]
[Site "Zittau"]
[Date "1989.??.??"]
[Round "10"]
[White "Luther, Thomas"]
[Black "Teske, Henrik"]
[Result "1/2-1/2"]
[WhiteElo "2415"]
[BlackElo "2400"]
[PlyCount "71"]
[EventDate "1989.02.??"]
[Source "ChessBase"]

1. e4 e5 2. Nf3 Nc6 3. Bb5 a6 4. Ba4 Nge7 5. d4 exd4 6. Nxd4 g6 7. Nxc6 Nxc6 8. Bxc6 bxc6 9. Qd4 f6 10. h4 Qe7 11. h5 Rg8 12. Nc3 Bb7 13. Be3 gxh5 14. O-O-O Rxg2 15. Rxh5 d6 16. Rdh1 O-O-O 17. Rxh7 c5 18. Qd3 Rg1+ 19. Rxg1 Qxh7 20. Nd5 Qf7 21. Rd1 Re8 22. Bf4 Qe6 23. f3 Be7 24. Qb3 Bd8 25. Ne3 Qxb3 26. axb3 Rh8 27. Nf5 Bc6 28. Rg1 Bd7 29. Nh6 f5 30. Nxf5 Bxf5 31. exf5 Rf8 32. Bg5 Rxf5 33. Bxd8 Kxd8 34. Rf1 Ke7 35. Kd2 Kf6 36. Ke3 1/2-1/2